000 01550nab a22003137a 4500
999 _c6355
_d6355
003 OSt
005 20260131194402.0
008 190603e xxum|||| |||| 00| 0 spa d
040 _cPJ
100 _97011
_aMéndez Acosta, Segundo J.
245 1 0 _aActualización de la suma asegurada. Un examen de las alternativas jurisprudenciales /
_cSegundo J. Méndez Acosta.
260 _cCiudad Autónoma de Buenos Aires :
_aThomson Reuters La Ley,
_b2025.
300 _ap. 82-90
500 _aCita: TR LALEY AR/DOC/2806/2025 Publicado en: RCCyC 2025 (Diciembre).
505 _aSumario: I. La cuestión: la depreciación de los límites de cobertura.— II. El estado de la jurisprudencia: heterogeneidad discursiva y resolutiva.— III. Naturaleza y régimen de la cláusula: dineraria no actualizable.— IV. Notas de los distintos temperamentos jurisprudenciales.— V. Conclusiones.
505 _t¿Te interesa el texto completo? Solicitalo al correo: koha@justierradelfuego.gov.ar
650 0 _91497
_aCODIGO CIVIL Y COMERCIAL
650 0 _91467
_aRESPONSABILIDAD CIVIL
650 0 _91923
_aLEY DE SEGUROS
650 0 _91921
_aSEGUROS
650 0 _aCOBERTURA DEL SEGURO
650 0 _aDERECHOS DEL ASEGURADO
650 0 _aRESPONSABILIDAD DEL ASEGURADO
650 0 _aASEGURADOR
650 0 _aDERECHOS DEL ASEGURADOR
650 0 _aOBLIGACIONES DEL ASEGURADOR
_95480
773 0 _02713
_93170
_dCiudad Autónoma de Buenos Aires : Thomson Reuters La Ley, 2015-
_tRevista Código Civil y Comercial. Nº 6 - Diciembre 2025
942 _2udc
_cANA